Landscape Architecture Competition Annual-7 (Record no. 356770)

MARC details
000 -LEADER
fixed length control field 00634nam a22001817a 4500
005 - DATE AND TIME OF LATEST TRANSACTION
control field 20231226152241.0
008 - FIXED-LENGTH DATA ELEMENTS--GENERAL INFORMATION
fixed length control field 231226b |||||||| |||| 00| 0 eng d
020 ## - INTERNATIONAL STANDARD BOOK NUMBER
International Standard Book Number 9788957 n704844
041 ## - LANGUAGE CODE
Language code of text/sound track or separate title eng
082 ## - DEWEY DECIMAL CLASSIFICATION NUMBER
Classification number 712
Item number BAE
100 ## - MAIN ENTRY--PERSONAL NAME
Author Bae C/ Lee M.
245 ## - TITLE STATEMENT
Title Landscape Architecture Competition Annual-7
260 ## - PUBLICATION, DISTRIBUTION, ETC.
Place of publication, distribution, etc. Korea
Name of publisher, distributor, etc. Sun Young Chung
Date of publication, distribution, etc. 2014
300 ## - PHYSICAL DESCRIPTION
Extent 398p
Other physical details Hb
Dimensions 31 x 27
365 ## - TRADE PRICE
Price type code INR
Price amount 8265.60
Currency code Rupaye
500 ## - GENERAL NOTE
Keywords Sangri Children's Park Creation Basic Plan Deswign Competition<br/>Design Competition For Themed Childrens' Park<br/>Design Competition For The Park Of danginri Power Plant<br/>
942 ## - ADDED ENTRY ELEMENTS (KOHA)
Koha item type Reference book
Holdings
Withdrawn status Lost status Source of classification or shelving scheme Damaged status Not for loan Collection code Home library Current library Date acquired Vendor Budget Code Net Price Bill number Full call number Barcode Date last seen Discount Actual Price Bill Date Koha item type
    Dewey Decimal Classification     Book M arch LA Dr. Bhanuben Nanavati College of Architecture Dr. Bhanuben Nanavati College of Architecture 26/12/2023 Metro Books M Arch Lan 8265.60 2431 712 BAE BNCA-BK-12481 26/12/2023 37% 5207.33 02/11/2023 Reference book